000 00787nam a22002177a 4500
999 _c4718
_d4718
003 AR-CdUCM
008 190311b ||||| |||| 00| 0 esp d
040 _aMUNICIPALIDAD PROVINCIAL DEL CUSCO
_cBIBLIOTECA MUNICIPAL DEL CUSCO
082 _a801.954 /
_bT72
100 _aAnderson Imbert, Enrique
_9603
245 _aEl cuento español /
_cEnrique Anderson Imbert
260 _aBuenos Aires :
_bColumba,
_c1959.
300 _a47 paginas ;
_c20 cm.
500 _aDonación de la familia Luis Nieto
505 _aEn el umbral de 1900 -- Las tendencias de vanguardia -- Los últimos -- Pío Baroja -- Francisco Ayala -- Jorge Campos ...
650 _aLiteratura de imaginación
_914625
650 _aLírica
_95909
650 _aCuentistas
_914626
942 _2ddc
_cLIBROS
945 _aacrt